000
00307nam a2200133Ia 4500
008
191201s2013 xx 000 0 und d
100
_a
HIBBELER, R.C
245
0
_a
Structural Analysis
250
_a
8th IMP
260
_a
N. Delhi
_b
Pearson
_c
2013
300
_a
640
650
_a
B.Tech(CE)
942
_2
ddc
_c
BK
999
_c
5284
_d
5284